Landkreise und kreisfreie Städte in Mecklenburg-Vorpommern - Statistiken

Allgemein
  • Dieses Quiz wurde 2.157 mal gespielt
    2.045 seit der letzten Aktualisierung
  • Das Durchschnittsergebnis liegt bei 6 aus 8
Antworten auf der Karte
Die Antworten werden auf der Karte rot bzw. grün angezeigt, abhängig davon wie oft sie richtig erraten wurden.
 
Antwortstatistiken
Landkreis % Korrekt
Rostock
97%
Rostock
97%
Schwerin
96%
Vorpommern-Rügen
85%
Vorpommern-Greifswald
75%
Mecklenburgische Seenplatte
68%
Ludwigslust-Parchim
54%
Nordwestmecklenburg
50%
Keine übereinstimmenden Quizze gefunden
Verteilung der Resultate
Anzahl Personen mit jedem Resultat
Perzentil nach korrekt beantworteten Fragen
Ihre Resultats-Entwicklung
Sie haben dieses Quiz seit der letzten Aktualisierung nicht gespielt